| 000 | 00430nam a2200157Ia 4500 | ||
|---|---|---|---|
| 008 | 210716s2007 xx 000 0 und d | ||
| 020 | _a9780470125083 | ||
| 041 | _aeng | ||
| 082 | _a338.04 TRAT | ||
| 100 | _aTracy, Tage C; Tracy, John A. | ||
| 245 | _aSmall business financial management kit for dummies. | ||
| 250 | _a1 | ||
| 260 |
_aNew Jersey _bWiley Publishing Inc. _c2007 |
||
| 300 | _a357 | ||
| 650 | _aEntrepreneurship | ||
| 999 |
_c206078 _d206078 |
||